Image de Film généré par IA #1 - Statistiques

Statistiques générales
  • Ce quiz a été pris 97 fois
  • Le résultat moyen est 11 sur 16
Statistiques - réponses
Par images Réponse % Correct
Jurassic Park
91%
Retour Vers le Futur
91%
Star Wars
91%
Vaiana
89%
King Kong
88%
Terminator
82%
Interstellar
78%
Le Diner de cons
75%
La La Land
74%
Le Loup de Wall Street
74%
Inception
61%
Princesse Mononoké
55%
Astérix et Obélix Mission Cléopatre
49%
Fight Club
48%
Rabbi Jacob
44%
La Momie
27%
Aucun quiz correspondant
Distribution des résultats
% des personnes avec chaque résultat
Percentile par nombre de réponses
Votre historique - résultats
Vous n’avez pas pris ce quiz